Normal view
MARC view
Entry Personal Name
001 - CONTROL NUMBER
- control field: 11524
003 - CONTROL NUMBER IDENTIFIER
- control field: OSt
005 - DATE AND TIME OF LATEST TRANSACTION
- control field: 20170213134530.0
008 - FIXED-LENGTH DATA ELEMENTS
- fixed length control field: 170213|| aca||aabn | a|a d
040 ## - CATALOGING SOURCE
- Original cataloging agency: OSt
- Transcribing agency: OSt
100 ## - HEADING--PERSONAL NAME
- Personal name: Kibble,W.B Tom;Berkshire,H.Frank;
670 ## - SOURCE DATA FOUND
- Source citation: Work cat.: (OSt): Kibble,W.B Tom;Berkshire,H.Frank;, Classical Mechanics., 2004.
